Africa in global international relations : (Record no. 21298)
[ view plain ]
| 000 -LEADER | |
|---|---|
| fixed length control field | 01996cam a22002655a 4500 |
| 001 - CONTROL NUMBER | |
| control field | 18599786 |
| 005 - DATE AND TIME OF LATEST TRANSACTION | |
| control field | 20160302105713.0 |
| 008 - FIXED-LENGTH DATA ELEMENTS--GENERAL INFORMATION | |
| fixed length control field | 150501s2016 enk frb 001 0 eng d |
| 020 ## - INTERNATIONAL STANDARD BOOK NUMBER | |
| International Standard Book Number | 9781138909816 |
| 040 ## - CATALOGING SOURCE | |
| Original cataloging agency | DLC |
| Language of cataloging | eng |
| Transcribing agency | DLC |
| Modifying agency | DLC |
| -- | EG-ScBUE |
| 043 ## - GEOGRAPHIC AREA CODE | |
| Geographic area code | f------ |
| 082 04 - DEWEY DECIMAL CLASSIFICATION NUMBER | |
| Edition number | 24 |
| Classification number | 327.6 |
| Item number | AFR |
| 245 00 - TITLE STATEMENT | |
| Title | Africa in global international relations : |
| Remainder of title | emerging approaches to theory and practice / |
| Statement of responsibility, etc | edited by Paul-Henri Bischoff, Kwesi Aning, and Amitav Acharya. |
| 260 ## - PUBLICATION, DISTRIBUTION, ETC. (IMPRINT) | |
| Place of publication, distribution, etc | Oxon ; |
| -- | New York : |
| Name of publisher, distributor, etc | Routledge / Taylor & Francis Group, |
| Date of publication, distribution, etc | 2016. |
| 300 ## - PHYSICAL DESCRIPTION | |
| Extent | xvii, 180 p. ; |
| Dimensions | 25 cm. |
| 490 0# - Series Statement | |
| Series statement | Routledge studies in African politics and international relations ; |
| Volume/sequential designation | 9 |
| 500 ## - GENERAL NOTE | |
| General note | Index : p. 175-180. |
| 504 ## - BIBLIOGRAPHY, ETC. NOTE | |
| Bibliography, etc | Includes bibliographical references. |
| 505 0# - FORMATTED CONTENTS NOTE | |
| Formatted contents note | Africa in Global International Relations : Emerging Approaches to Theory and Practice : An Introduction / Paul-Henri Bischoff Kwesi Aning and Amitav Acharya -- A Critique of Failing International Relations Theories in African Tests / Ahmed Salem -- Feminist IR and the study of Africa : (still) together on the theoretical margins? / Heidi Hudson -- Disciplining the Developing World? : Perspectives from a South African IR / Candice Moore -- Soft balancing among African weak states : A challenge to Realists International Relations Theory / Leslie Blaauw -- Africa in international relations : agent, bystander or victim? / Jo-Ansie van Wyck -- An Emerging, Established or Receding Normative Agent? : Probing the African Union's Recent Response to and Intervention in Libya / Gerrie Swart -- Africanizing the international and internationalizing Africa : security, war on terror and Mali / Kwesi Aning and Nancy Annan -- Bridging the Gap : The Pan-African School and International Relations Theory / Tim Murithi. |
| 651 #0 - SUBJECT ADDED ENTRY--GEOGRAPHIC NAME | |
| Geographic name | Africa |
| General subdivision | Foreign relations. |
| Source of heading or term | BUEsh |
| 651 #0 - SUBJECT ADDED ENTRY--GEOGRAPHIC NAME | |
| Geographic name | International relations |
| General subdivision | Philosophy. |
| Source of heading or term | BUEsh |
| 653 ## - INDEX TERM--UNCONTROLLED | |
| Resource For college | BAEPS, Political Science |
| Arrived date list | March2016 |
| 700 1# - ADDED ENTRY--PERSONAL NAME | |
| Personal name | Bischoff, Paul, |
| Dates associated with a name | 1954- |
| Relator term | editor. |
| 942 ## - ADDED ENTRY ELEMENTS (KOHA) | |
| Source of classification or shelving scheme | Dewey Decimal Classification |
| Withdrawn status | Item status | Source of classification or shelving scheme | Damaged status | Not for loan | Vendor | Home library | Current library | Shelving location | Date acquired | Source of acquisition | Cost, normal purchase price | Serial Enumeration / chronology | Total Checkouts | Total Renewals | Full call number | Barcode | Date last seen | Date last borrowed | Cost, replacement price | Koha item type |
|---|---|---|---|---|---|---|---|---|---|---|---|---|---|---|---|---|---|---|---|---|
| Dewey Decimal Classification | Alahram | Central Library | Central Library | First floor | 02/03/2016 | Purchase | 406.00 | 620 | 3 | 2 | 327.6 AFR | 000031827 | 15/07/2025 | 18/10/2020 | 507.20 | Book - Borrowing |